000 00241nam a2200109Ia 4500
005 20251222114405.0
008 251222s1900||||xx |||||||||||||| ||spa||
082 _aDVD0050/L22/1927/Ej.2
245 0 _aMetrĂ³polis
264 _bUFA
942 _cDVD
999 _c1795
_d1795